| 000 | 00000nam 2200000za 4500 |
| 001 | 9.676801 |
| 003 | CaOODSP |
| 005 | 20250411091517 |
| 007 | cr ||||||||||| |
| 008 | 150407|1985||||xxc|||||o f|0| 0 eng d |
| 040 | |aCaOODSP|beng |
| 041 | |aeng |
| 041 | |afre |
| 043 | |an-cn--- |
| 086 | 1 |aYX44-1985/9-1-PDF |
| 110 | 1 |aCanada.|bStatutes. |
| 245 | 10|aRevised Statutes of Canada, 1985. Appendices / |h[electronic resource]|c[issued by] Queen's Printer for Canada. |
| 250 | |aReprinted (Soft cover edition) 2003 |
| 260 | |aOttawa - Ontario : |bStatutes |c2003, c1985. |
| 300 | |a489p. |
| 500 | |a"Prepared under the authority of the Statute Revision Act"--p.1 of 489. Partial Contents: Appendix I, Schedule of Acts and portions of Acts repealed as of the coming into force of the Revised Statues of Canada, 1985 -- Appendix II, Constitutional Acts and Documents -- Appendix III, Canadian Bill of Rights. The catalogue number (YX44-1985/9-1) and ISBN (0-660-62328-5) for the bilingual print edition have been copied in this electronic publication. |
| 590 | |a14-22-Supp|b2014-12-24 |
| 690 | 07|aLegislation|2gcpds |
| 776 | 0#|tLois révisées du Canada (1985), Appendices |w(CaOODSP)9.664616 |
| 792 | |tLois révisées du Canada (1985). Appendices / |efre|w(CaOODSP)9.676802 |
| 856 | 40|ahttp://publications.gc.ca|qPDF|s7.96 MB|uhttps://publications.gc.ca/collections/collection_2014/lois-statutes/YX44-1985-9-1.pdf |